header

Wordsworth and the writing of the nation (Record no. 38534)

MARC details
000 -LEADER
fixed length control field 01781nam a2200409 a 4500
082 04 - DEWEY DECIMAL CLASSIFICATION NUMBER
Classification number 821/.7
100 1# - MAIN ENTRY--AUTHOR NAME
Personal name Garrett, James M.,
245 10 - TITLE STATEMENT
Title Wordsworth and the writing of the nation
260 ## - PUBLICATION, DISTRIBUTION, ETC. (IMPRINT)
Place of publication Aldershot, Hants ;
-- Burlington, VT :
Name of publisher Ashgate,
Year of publication 2008.
300 ## - PHYSICAL DESCRIPTION
Number of Pages ix, 214 p.
490 1# - SERIES STATEMENT
Series statement Nineteenth century series
650 #0 - SUBJECT ADDED ENTRY--TOPICAL TERM
Topical Term National characteristics, British, in literature.
Topical Term Nationalism in literature.
Topical Term Census
Topical Term Museums
Topical Term Cultural property
856 40 - ELECTRONIC LOCATION AND ACCESS
Uniform Resource Identifier http://site.ebrary.com/lib/rucke/Doc?id=10228262

No items available.

© 2026 Rongo University
Contact us: librarian | system librarian | Rongo university